| 000 | 00570nam a22001937a 4500 | ||
|---|---|---|---|
| 003 | UA-OsUOA | ||
| 001 | 44892 | ||
| 007 | ta | ||
| 008 | 20110625b un ||||| |||| 00| 0 ukr d | ||
| 090 |
_a94(477). 152 К _bН37 |
||
| 942 | _cBR | ||
| 040 |
_aUA-OsUOA _bukr _cUA-OsUOA _dUA-OsUOA |
||
| 245 | _aНаша Канада. Наша українська спадщина. Наша батьківщина Україна | ||
| 955 | _a4 | ||
| 041 | _aukr | ||
| 080 | _a94(477). 152 К | ||
| 650 | 7 |
_a9 Географія. Біографії. Історія _2UDC |
|
| 999 |
_c424993 _d424993 |
||